000 00547nam a2200193Ia 4500
003 OSt
005 20200729151539.0
008 190216s9999||||xx |||||||||||||| ||und||
020 _a9788120328709
040 _coclc
082 _a512.02
_bCHA/A
100 _aChatterjee, Dipak
_9896
245 0 _aAbstract Algebra /
_cDipak Chatterjee
250 _a2nd Ed.
260 _bPrentice Hall Of India Pvt Ltd,
_aNew Delhi:
_c2007.
300 _a364p
650 _aMathematics
942 _cBK
_2ddc
_h512.02
_iCHA/A
_k512.02
_mCHA/A
999 _c32190
_d32190